书目信息 |
| 题名: |
未来建筑
|
|
| 作者: | 马丁内斯 , 比纳乔 , Gerardo Mingo Pinacho , Gerardo Mingo Martinez 主编 ;西班牙未来建筑 编 | |
| 分册: | ||
| 出版信息: | 杭州 浙江大学出版社 2009 |
|
| 页数: | 239页 | |
| 开本: | 39cm | |
| 丛书名: | ||
| 单 册: | ||
| 中图分类: | TU984-64 , TU206 | |
| 科图分类: | ||
| 主题词: | 城市建筑--建筑设计--世界--现代--图集--中文--英文 | |
| 电子资源: | ||
| ISBN: | 978-7-308-06764-5 | |
| 000 | 01342nam0 2200325 450 | |
| 001 | 1242914848 | |
| 005 | 20120212115718.87 | |
| 010 | @a978-7-308-06764-5@dCNY298.00 | |
| 100 | @a20090814d2009 em y0chiy0110 ea | |
| 101 | 2 | @achi@aeng@ceng |
| 102 | @aCN@b330000 | |
| 105 | @aa z 000yy | |
| 106 | @ad | |
| 200 | 1 | @a未来建筑@9wei lai jian zhu@e鹿特丹竞赛@dFuture architecture@eRotterdam competitions@fGerardo Mingo Pinacho, Gerardo Mingo Martinez主编@FGerardo Mingo Pinacho,Gerardo Mingo Martinez zhu bian@gFuture arquitecturas S. L.编@zeng |
| 210 | @a杭州@c浙江大学出版社@d2009 | |
| 215 | @a239页@c图@d39cm | |
| 330 | @a本书内容包括:荷兰建筑研究所、市政府扩建、市长征求官邸设计、邮政办公室更新及扩建、影院大楼、设计实验室等。 | |
| 510 | 1 | @aFuture architecture@eRotterdam competitions@zeng |
| 517 | 1 | @a鹿特丹竞赛@9lu te dan jing sai |
| 606 | 0 | @a城市建筑@x建筑设计@y世界@z现代@j图集@j中文@j英文 |
| 690 | @aTU984-64@v4 | |
| 690 | @aTU206@v4 | |
| 701 | 0 | @a马丁内斯@9ma ding nei si@c(Martinez, Gerardo Mingo)@4主编 |
| 701 | 0 | @a比纳乔@9bi na qiao@c(Pinacho, Gerardo Mingo)@4主编 |
| 701 | 0 | @aGerardo Mingo Pinacho@4主编 |
| 701 | 0 | @aGerardo Mingo Martinez@4主编 |
| 712 | 02 | @a西班牙未来建筑@9xi ban ya wei lai jian zhu@4编 |
| 801 | 0 | @aCN@bSG02@c20090814 |
| 801 | 2 | @aCN@bSG02@c20090814 |
| 905 | @a10447@dTU206@eM035 | |
| 未来建筑:鹿特丹竞赛=Future architecture:Rotterdam competitions/Gerardo Mingo Pinacho, Gerardo Mingo Martinez主编/Future arquitecturas S. L.编.-杭州:浙江大学出版社,2009 |
| 239页:图;39cm |
| ISBN 978-7-308-06764-5:CNY298.00 |
| 本书内容包括:荷兰建筑研究所、市政府扩建、市长征求官邸设计、邮政办公室更新及扩建、影院大楼、设计实验室等。 |
| ● |
| 相关链接 |
|
|
|
正题名:未来建筑
索取号:TU206/M035
 
预约/预借
| 序号 | 登录号 | 条形码 | 馆藏地/架位号 | 状态 | 备注 |
| 1 | 483546 | 204835465 | 建筑库101/101建筑库 42排3列2层/ [索取号:TU206/M035] | 在馆 | |
| 2 | 483547 | 204835474 | 建筑库101/101建筑库 42排3列2层/ [索取号:TU206/M035] | 在馆 |